000 01060nam a22003137a 4500
003 CHAP
005 20220329134738.0
008 971013s1993 r 00010 d
010 _a25185
011 _a26157
035 _a30257
040 _cCHAP
082 _a635.64
_bY6
100 0 0 _aYoder, John I.
_eed.
_9123147
245 _aMolecular biology of tomato
_b: fundamental advances and crop improvement
260 _aLancaster, Pennsylvania :
_bTechnomic,
_c1993
300 _a314 p.
_b: ilus. ; gráfs.
590 _aBATCH-UPD
_b10
_c20130110
_lUCH01
_h1621
590 _aBATCH-UPD
_b10
_c20130410
_lUCH01
_h1015
590 _aBATCH-UPD
_b10
_c20130914
_lUCH01
_h0631
590 _aCONVERSION
_b10
_c20130109
_lUCH01
_h1315
650 1 4 _aBiofísica.
_912735
650 1 4 _aTomate
_xFisiología y morfología.
_9113722
650 1 4 _aTomate
_xGenética.
_9113726
650 1 4 _aTomate
_xVariedades resistentes a enfermedades.
_9113778
901 _aBK
942 _cLIBRO
949 _a635.64 Y6
_bBC
_cLIBRO
_d33724000262481
_eLIBRO
_gI.174037
_h87691
_i30257
_si
_t463.71
999 _c25185
_d25185